Country Flags in Postage Stamps - Statistics

General Stats
  • This quiz has been taken 2,226 times
  • The average score is 17 of 18
Answer Stats
Picture Answer % Correct
United States
100%
Ukraine
99%
India
98%
Kenya
98%
Poland
98%
Israel
97%
Ireland
96%
Malaysia
96%
Switzerland
96%
Italy
95%
Latvia
95%
Russia
95%
Taiwan
94%
Chile
93%
Turkmenistan
93%
Azerbaijan
90%
Kyrgyzstan
89%
Central African Republic
86%
No matching quizzes found
Score Distribution
Percent of People with Each Score
Percentile by Number Answered
Your Score History
You have not taken this quiz